000 00959nam a22003137a 4500
001 BR2014003114
003 BR-BrBNA
005 20230928104441.0
007 ta
008 230509b bl.||||| |||| 00| 0 por d
040 _aBR-BrBNA
_bpor
_cBiblioteca Nacional de Agricultura
041 _a(Por)
072 _aP40; U10
090 _ P40 BR2014003114
100 1 _aSantos Filho, J. dos
110 1 _aUniversidade Federal de Lavras, MG (Brasil)
_0Tese (Doutorado)
245 1 _aFunções densidade de probabilidade para estimação de veranicos no município de Lavras, MG
260 3 _aLavras, MG (Brasil):
_c2013.
300 _a108 p.
500 _aSummaries (Eng, Por); Bibliography p. 74-85; 55 illus.; 11 tables
650 _aVERANICO
650 _aESTAÇÃO DO ANO
650 _aESTIMATIVA
650 _aPRECIPITAÇÃO PLUVIAL
650 _aMÉTODO
650 _aMINAS GERAIS
909 _a202309
_bLucia
_c55
_dLucia Elande
942 _cBK
999 _c79979
_d79979